Click the Country's Calling Code - Statistics

General Stats
  • This quiz has been taken 12 times
  • The average score is 8 of 16
Answer Stats
Hint Answer % Correct
United States +1
92%
United Kingdom +44
75%
France +33
67%
Egypt +20
50%
Germany +49
50%
Brazil +55
50%
New Zealand +64
50%
Russia +7
50%
South Africa +27
42%
Poland +48
42%
Mexico +52
42%
Turkey +90
42%
Japan +81
33%
India +91
33%
Australia +61
25%
China +86
25%
No matching quizzes found
Score Distribution
Percent of People with Each Score
Percentile by Number Answered
Your Score History
You have not taken this quiz